|
|
|
|
| LEADER |
00000nam0a2200000 4500 |
| 001 |
295041 |
| 005 |
20231102000752.0 |
| 035 |
|
|
|a (RuTPU)RU\TPU\book\320117
|
| 090 |
|
|
|a 295041
|
| 100 |
|
|
|a 20150520d1949 k y0rusy50 ca
|
| 101 |
0 |
|
|a rus
|
| 102 |
|
|
|a RU
|
| 105 |
|
|
|a a z 001zy
|
| 200 |
1 |
|
|a О синтезе 1,3 диаминоацетона конденсацией симметричного дихлоргидрина с фталимидом калия
|e [оттиск статьи]
|f Л. П. Кулев, Ф. З. Горфинкель
|g Томский государственный университет (ТГУ)
|
| 210 |
|
|
|a Томск
|c [Изд-во Томского государственного университета]
|d 1949
|
| 215 |
|
|
|a 4 с.
|c ил.
|
| 225 |
1 |
|
|a Труды Томского государственного университета
|v Т. 101, С. 62-66
|
| 320 |
|
|
|a Библиогр. в конце ст.
|
| 606 |
1 |
|
|a Органическая химия
|2 stltpush
|3 (RuTPU)RU\TPU\subj\47309
|9 66362
|
| 610 |
1 |
|
|a труды учёных ТПУ
|
| 610 |
1 |
|
|a фталимид калия
|
| 610 |
1 |
|
|a синтез
|
| 610 |
1 |
|
|a конденсация
|
| 610 |
1 |
|
|a опыты
|
| 675 |
|
|
|a 547
|v 4
|
| 700 |
|
1 |
|a Кулев
|b Л. П.
|c российский химик
|c профессор Томского политехнического института
|f 1900-1962
|g Леонид Петрович
|2 stltpush
|3 (RuTPU)RU\TPU\pers\12449
|
| 701 |
|
1 |
|a Горфинкель
|b Ф. З.
|
| 712 |
0 |
2 |
|a Томский государственный университет (ТГУ)
|2 stltpush
|3 (RuTPU)RU\TPU\col\397
|
| 801 |
|
1 |
|a RU
|b 63413507
|c 20150520
|
| 801 |
|
2 |
|a RU
|b 63413507
|c 20170724
|g RCR
|
| 942 |
|
|
|c BK
|